Report on socio-economic studies on natural rubber sector in India (Record no. 52433)

MARC details
000 -LEADER
fixed length control field 00484nam a2200133Ia 4500
100 ## - MAIN ENTRY--AUTHOR NAME
Personal name George K.T.
245 #0 - TITLE STATEMENT
Title Report on socio-economic studies on natural rubber sector in India
260 ## - PUBLICATION, DISTRIBUTION, ETC. (IMPRINT)
Name of publisher IRRDB Joint Workshop on Plant Breeding, Agronomy and Socio-economics, 28 August-6 September 2002, Malaysia/Indonesia.
Year of publication 2002
650 ## - SUBJECT ADDED ENTRY--TOPICAL TERM
Topical Term Farm management
650 ## - SUBJECT ADDED ENTRY--TOPICAL TERM
Topical Term Rubber plantation industry
650 ## - SUBJECT ADDED ENTRY--TOPICAL TERM
Topical Term Socioeconomics
942 ## - ADDED ENTRY ELEMENTS (KOHA)
Koha item type Bibliography STAF
Holdings
Withdrawn status Lost status Damaged status Not for loan Home library Current library Date acquired Koha item type
      Bibliography RRII Library RRII Library 09/04/2014 Bibliography STAF